[Event "9. Torneo IRT Pueblo Nuevo"]
[Site "Madrid ESP"]
[Date "2006.04.01"]
[Round "8.5"]
[White "Martin Prieto, Oscar"]
[Black "Peral Aparicio, Jesus"]
[Result "1-0"]
[WhiteElo "2148"]
[BlackElo "1740"]
[PlyCount "61"]
[EventDate "2006.02.11"]
[EventType "tourn"]
[EventRounds "9"]
[EventCountry "ESP"]
[Source "lmi"]
[SourceDate "2006.04.10"]

1. c4 e6 2. g3 d5 3. Bg2 Nf6 4. Nf3 dxc4 5. O-O a6 6. a4 Nbd7 7. Qc2 Rb8 8.
Qxc4 Be7 9. Nc3 c6 10. a5 O-O 11. d3 Ne8 12. Be3 Nd6 13. Qb3 Bf6 14. Ne4 Nxe4
15. dxe4 e5 16. Nd2 Re8 17. Nc4 Qe7 18. Rfd1 Qe6 19. Rd6 Qe7 20. Rad1 Nf8 21.
Ba7 Ra8 22. Bc5 Qc7 23. Bb6 Qe7 24. Bd8 Rxd8 25. Rxd8 Qc7 26. Re8 Rb8 27. Qb6
Qxb6 28. Nxb6 g6 29. Rxc8 Rxc8 30. Nxc8 Kg7 31. Bh3 1-0